Statystyki dla Wszystkie albumy Taco Hemingwaya

Kliknij tutaj aby rozwiązać quiz!

Ogólne statystyki

  • Ten quiz został rozwiązany 47 razy
    (45 od ostatniego zresetowania)
  • Średni wynik to 10 z 12

Statystyki odpowiedzi

L.p.Odpowiedź% Poprawnych
8.Cafebelga
93%
12.Europa
93%
11.Jarmark
93%
3.Trójkąt warszawski
93%
6.Marmur
90%
4.Umowa o dzieło
85%
5.Wosk
85%
10.Pocztówka z WWA
83%
7.Szprycer
78%
9.Flagey
75%
2.Young Hems
53%
1.Who Killed JFK
45%

Rozkład punktacji

Percentyl według liczby udzielonych odpowiedzi

Procent ludzi z każdym wynikiem

Twoja historia wyników

Nie rozwiązałeś tego quizu od ostatniego zresetowania